Chapman Ltd and another v Christopher and another (Record no. 52483)

MARC details
000 -LEADER
fixed length control field 01320cab a2200229 4500
001 - CONTROL NUMBER
control field X88692
008 - FIXED-LENGTH DATA ELEMENTS--GENERAL INFORMATION
fixed length control field 090401t1998 xxu||||| |||| 00| 0 eng d
035 ## - SYSTEM CONTROL NUMBER
System control number (Sirsi) u83082
041 ## - LANGUAGE CODE
Language code of text/sound track or separate title eng
245 ## - TITLE STATEMENT
Title Chapman Ltd and another v Christopher and another
260 ## - PUBLICATION, DISTRIBUTION, ETC.
Date of publication, distribution, etc. 1998
350 ## - PRICE (NR) (BK AM CF MU VM SE) [OBSOLETE]
Price 0
490 ## - SERIES STATEMENT
Series statement Weekly Law Reports
Volume/sequential designation [1998] 1 WLR 12-23(12)
520 ## - SUMMARY, ETC.
Summary, etc. CA 8 July 1997. The first plaintiffs leased a warehouse and factory from the second plaintiffs which the first defendant negligently set alight, causing damage to the first plaintiff costing £986,696 and to the second plaintiff the sum of £142,516. The first defendant had no assets but was covered by an insurance policy which covered accidential damage to property. The policy limited indeminity for costs resulting from one claim to £1m. The plaintiffs accepted £1m in settlement of all claims against the first defendant but reserved the right to argue that the insurers should be liable in addition for the costs of the action. The insurers were subsequently ordered to pay costs pursuant to Supreme Court Act 1981 s51 and appealed. Held, appeal dismissed.
650 ## - SUBJECT ADDED ENTRY--TOPICAL TERM
Topical term or geographic name entry element DAMAGE
650 ## - SUBJECT ADDED ENTRY--TOPICAL TERM
Topical term or geographic name entry element INSURANCE COMPANY
650 ## - SUBJECT ADDED ENTRY--TOPICAL TERM
Topical term or geographic name entry element LIABILITY
650 ## - SUBJECT ADDED ENTRY--TOPICAL TERM
Topical term or geographic name entry element NEGLIGENCE
690 ## - LOCAL SUBJECT ADDED ENTRY--TOPICAL TERM (OCLC, RLIN)
Topical term or geographic name as entry element INSURANCE-CASE LAW
942 ## - ADDED ENTRY ELEMENTS (KOHA)
Suppress in OPAC 0
948 ## - LOCAL PROCESSING INFORMATION (OCLC); SERIES PART DESIGNATOR (RLIN)
c (OCLC) 13/01/1998
Holdings
Withdrawn status Lost status Source of classification or shelving scheme Damaged status Not for loan Home library Current library Shelving location Date acquired Total Checkouts Full call number Barcode Date last seen Copy number Price effective from Koha item type
    Dewey Decimal Classification     London London Journal article 14/09/1999   X88692 83082-1001 06/08/2019 1 06/08/2019 Law report